|
|
|
|
| LEADER |
02664nam a2200697 4500 |
| 001 |
ocn828151160 |
| 003 |
OCoLC |
| 005 |
20170124070420.2 |
| 006 |
m o d |
| 007 |
cr cn||||||||| |
| 008 |
130221s2013 gw a ob 001 0 eng d |
| 040 |
|
|
|a N$T
|b eng
|e pn
|c N$T
|d COO
|d E7B
|d DG1
|d YDXCP
|d IDEBK
|d NOC
|d OCLCF
|d IUL
|d CDX
|d EBLCP
|d MHW
|d DEBSZ
|d OCLCQ
|d GrThAP
|
| 019 |
|
|
|a 827207497
|a 828617805
|a 963725760
|
| 020 |
|
|
|a 9783527654543
|q (oBook)
|
| 020 |
|
|
|a 9783527654574
|q (ePDF)
|
| 020 |
|
|
|a 3527654577
|q (electronic bk.)
|
| 020 |
|
|
|a 3527654569
|q (electronic bk.)
|
| 020 |
|
|
|a 9783527654567
|q (ePub)
|
| 020 |
|
|
|a 3527654550
|q (electronic bk.)
|
| 020 |
|
|
|a 9783527654550
|q (mobi)
|
| 020 |
|
|
|a 3527654542
|q (electronic bk.)
|
| 020 |
|
|
|z 9783527323791
|q (Print)
|
| 020 |
|
|
|z 3527323791
|q (Print)
|
| 020 |
|
|
|z 9781299157255
|
| 020 |
|
|
|z 1299157254
|
| 029 |
1 |
|
|a AU@
|b 000051629403
|
| 029 |
1 |
|
|a CHBIS
|b 010026780
|
| 029 |
1 |
|
|a CHVBK
|b 30623257X
|
| 029 |
1 |
|
|a DEBBG
|b BV043395447
|
| 029 |
1 |
|
|a DEBSZ
|b 431334021
|
| 029 |
1 |
|
|a GBVCP
|b 790206641
|
| 029 |
1 |
|
|a NZ1
|b 15340108
|
| 029 |
1 |
|
|a NZ1
|b 15905462
|
| 035 |
|
|
|a (OCoLC)828151160
|z (OCoLC)827207497
|z (OCoLC)828617805
|z (OCoLC)963725760
|
| 037 |
|
|
|a 446975
|b MIL
|
| 050 |
|
4 |
|a QD322.S95
|b C37 2013eb
|
| 072 |
|
7 |
|a SCI
|x 013040
|2 bisacsh
|
| 072 |
|
7 |
|a SCI
|2 eflch
|
| 082 |
0 |
4 |
|a 547.78
|2 23
|
| 049 |
|
|
|a MAIN
|
| 245 |
0 |
0 |
|a Carbohydrates :
|b tools for stereoselective synthesis /
|c edited by Mike Martin Kwabena Boysen.
|
| 250 |
|
|
|a First edition.
|
| 264 |
|
1 |
|a Weinheim :
|b Wiley-VCH Verlag & Co.,
|c [2013]
|
| 264 |
|
4 |
|c ©2013
|
| 300 |
|
|
|a 1 online resource (xvii, 376 pages) :
|b illustrations
|
| 336 |
|
|
|a text
|b txt
|2 rdacontent
|
| 337 |
|
|
|a computer
|b c
|2 rdamedia
|
| 338 |
|
|
|a online resource
|b cr
|2 rdacarrier
|
| 588 |
0 |
|
|a Online resource; title from PDF title page (viewed June 30, 2014).
|
| 500 |
|
|
|a Edition statement from first page of chapter PDFs.
|
| 500 |
|
|
|a Formerly CIP.
|5 Uk
|
| 504 |
|
|
|a Includes bibliographical references and index.
|
| 505 |
0 |
|
|a pt. 1. Carbohydrate auxiliaries -- pt. 2. Carbohydrate reagents -- pt. 3. Carbohydrate ligands -- pt. 4. Carbohydrate organocatalysts.
|
| 650 |
|
0 |
|a Carbohydrates
|x Synthesis.
|
| 650 |
|
7 |
|a SCIENCE
|x Chemistry
|x Organic.
|2 bisacsh
|
| 650 |
|
7 |
|a Carbohydrates
|x Synthesis.
|2 fast
|0 (OCoLC)fst00846767
|
| 655 |
|
4 |
|a Electronic books.
|
| 700 |
1 |
|
|a Boysen, Mike Martin Kwabena.
|
| 776 |
0 |
8 |
|i Print version:
|t Carbohydrates.
|d Weinheim : Wiley-VCH, John Wiley [distributor], ©2013
|z 9783527323791
|w (OCoLC)827785569
|
| 856 |
4 |
0 |
|u https://doi.org/10.1002/9783527654543
|z Full Text via HEAL-Link
|
| 994 |
|
|
|a 92
|b DG1
|